| 000 | 00585nam a2200229Ia 4500 | ||
|---|---|---|---|
| 003 | OSt | ||
| 005 | 20220918192324.0 | ||
| 006 | a|||||r|||| 00| 0 | ||
| 007 | ta | ||
| 008 | 220917b |||||||| |||| 00| 0 eng d | ||
| 024 | _a67,915 | ||
| 037 | _cTextual | ||
| 040 |
_aARTS _cARTS _beng |
||
| 041 |
_2eng _aeng |
||
| 082 | _aR3xM60, G6 | ||
| 100 | _aRussell Bertrand | ||
| 245 | 0 | _aProblems of philosophy | |
| 260 | _c1936 | ||
| 490 | _aHome university library of modern knowledge | ||
| 942 |
_hR3xM60, G6 _cTEXL _2CC |
||
| 999 |
_c194135 _d194135 |
||